000 00453cam a22001337a 4500
008 180718b1989 xxu||||| |||| 00| 0 eng d
082 _aAPPPA 88-89 PAN
100 _aPande, R.P.
245 _aIndustrial safety in ordnance factories: a study of causes and prevention of accidents
_cby R.P. Pande
260 _aNew Delhi
_bIndian Institute of Public Administration
_c1989
300 _a62+p.
650 _aOrdnance factories
650 _aIndustrial safety
999 _c501501
_d501501